000 00580nam a2200229Ia 4500
003 OSt
005 20220916111035.0
006 a|||||r|||| 00| 0
007 ta
008 220915b |||||||| |||| 00| 0 eng d
024 _a126030
037 _cTextbook
040 _beng
_aARTS
_cARTS
041 _aeng
082 _aV657:1:M8, C3 (906)
100 _aEllis A B
245 0 _aHistory of the Gold Coast of West Africa
260 _aNA
_bNA
650 _aHISTORY
942 _hV657:1:M8, C3 (906)
_cTB
_2CC
999 _c104240
_d104240